[Event "Королевский Гамбит. Южный Федеральный округ."]
[Date "2025-11-21"]
[Round "5.6"]
[Board "6"]
[White "Сорокина София"]
[WhiteElo "981"]
[Black "Пилипчук Юля"]
[BlackElo "982"]
[WebSite "https://www.chessopen.ru"]
[GameId "194dcabb-89b2-452a-9896-10c2c4074018"]
[Result "1-0"]

1. d4 { [%clk 0:09:59] } c6 { [%clk 0:09:53] } 2. c4 { [%clk 0:10:00] } d5 {
[%clk 0:09:47] } 3. Nf3 { [%clk 0:10:00] } Nf6 { [%clk 0:09:45] } 4. g3 { [%clk
0:10:02] } e6 { [%clk 0:09:37] } 5. Bg2 { [%clk 0:10:02] } Bd7 { [%clk 0:09:25]
} 6. cxd5 { [%clk 0:10:03] } cxd5 { [%clk 0:09:23] } 7. Nc3 { [%clk 0:10:03] }
Be7 { [%clk 0:09:20] } 8. O-O { [%clk 0:10:00] } O-O { [%clk 0:09:20] } 9. Qb3
{ [%clk 0:10:01] } Nc6 { [%clk 0:09:18] } 10. Re1 { [%clk 0:09:56] } Bd6 {
[%clk 0:09:02] } 11. Nb5 { [%clk 0:09:51] } e5 { [%clk 0:08:52] } 12. Nxd6 {
[%clk 0:09:51] } exd4 { [%clk 0:08:24] } 13. Bg5 { [%clk 0:09:35] } Qe7 { [%clk
0:08:01] } 14. Nb5 { [%clk 0:09:08] } Qe6 { [%clk 0:07:53] } 15. Bxf6 { [%clk
0:09:07] } Qxf6 { [%clk 0:07:52] } 16. Qxd5 { [%clk 0:09:06] } Be6 { [%clk
0:07:42] } 17. Qc5 { [%clk 0:08:56] } Rfd8 { [%clk 0:07:05] } 18. Nc7 { [%clk
0:08:53] } Rac8 { [%clk 0:06:56] } 19. Nxe6 { [%clk 0:08:53] } Qxe6 { [%clk
0:06:54] } 20. Qa3 { [%clk 0:08:51] } h6 { [%clk 0:06:47] } 21. Nd2 { [%clk
0:08:49] } Qf6 { [%clk 0:06:30] } 22. Bxc6 { [%clk 0:08:40] } Rxc6 { [%clk
0:06:24] } 23. Qxa7 { [%clk 0:08:40] } b5 { [%clk 0:06:11] } 24. Ne4 { [%clk
0:08:32] } Qe5 { [%clk 0:05:53] } 25. Nd2 { [%clk 0:08:19] } Rf6 { [%clk
0:05:29] } 26. Nf3 { [%clk 0:08:18] } Qh5 { [%clk 0:05:18] } 27. Nxd4 { [%clk
0:08:10] } Qe5 { [%clk 0:04:50] } 28. Nf3 { [%clk 0:08:04] } Qf5 { [%clk
0:04:42] } 29. Rad1 { [%clk 0:08:00] } Rf8 { [%clk 0:04:36] } 30. a4 { [%clk
0:07:43] } bxa4 { [%clk 0:04:30] } 31. Qxa4 { [%clk 0:07:43] } g5 { [%clk
0:04:26] } 32. Qc4 { [%clk 0:07:36] } h5 { [%clk 0:04:17] } 33. Rd5 { [%clk
0:07:35] } Qh3 { [%clk 0:04:13] } 34. Rxg5+ { [%clk 0:07:35] } Kh7 { [%clk
0:04:09] } 35. Qe4+ { [%clk 0:07:31] } Kh6 { [%clk 0:04:04] } 36. Rb5 { [%clk
0:07:21] } Rg6 { [%clk 0:03:51] } 37. Qf4+ { [%clk 0:07:17] } Kg7 { [%clk
0:03:44] } 38. Ng5 { [%clk 0:07:09] } Qd7 { [%clk 0:03:31] } 39. Qe3 { [%clk
0:06:41] } h4 { [%clk 0:03:04] } 40. Qc3+ { [%clk 0:06:40] } Kh6 { [%clk
0:02:24] } 41. Qe3 { [%clk 0:06:23] } Kg7 { [%clk 0:02:03] } 42. Re5 { [%clk
0:06:08] } hxg3 { [%clk 0:01:59] } 43. hxg3 { [%clk 0:06:03] } Qg4 { [%clk
0:01:57] } 44. Qc3 { [%clk 0:05:44] } Kg8 { [%clk 0:01:45] } 45. Qc5 { [%clk
0:05:10] } f6 { [%clk 0:01:37] } 46. Qd5+ { [%clk 0:05:01] } Kg7 { [%clk
0:01:31] } 47. Re7+ { [%clk 0:04:56] } Kh6 { [%clk 0:01:30] } 48. Rh7# { [%clk
0:04:52] } 1-0

[Event "Королевский Гамбит. Южный Федеральный округ."]
[Date "2025-11-21"]
[Round "5.7"]
[Board "7"]
[White "Асрян Владимир"]
[WhiteElo "1011"]
[Black "Синичкина Ксения"]
[BlackElo "1018"]
[WebSite "https://www.chessopen.ru"]
[GameId "12694a96-7d93-404d-a1ad-67a11c572795"]
[Result "1-0"]

1. e4 { [%clk 0:10:00] } e5 { [%clk 0:10:00] } 2. Bc4 { [%clk 0:09:58] } Nc6 {
[%clk 0:09:48] } 3. Qf3 { [%clk 0:09:54] } Nf6 { [%clk 0:09:40] } 4. Nc3 {
[%clk 0:09:53] } Nd4 { [%clk 0:09:39] } 5. Qd3 { [%clk 0:09:44] } Bb4 { [%clk
0:09:29] } 6. a3 { [%clk 0:09:41] } Bc5 { [%clk 0:09:26] } 7. b4 { [%clk
0:09:40] } Bb6 { [%clk 0:09:23] } 8. Nd5 { [%clk 0:09:39] } Nxd5 { [%clk
0:09:10] } 9. Bxd5 { [%clk 0:09:34] } c6 { [%clk 0:09:09] } 10. Bc4 { [%clk
0:09:29] } d5 { [%clk 0:09:08] } 11. exd5 { [%clk 0:09:30] } cxd5 { [%clk
0:08:35] } 12. Bb5+ { [%clk 0:09:26] } Bd7 { [%clk 0:08:29] } 13. Bxd7+ { [%clk
0:09:24] } Qxd7 { [%clk 0:08:16] } 14. c3 { [%clk 0:09:24] } Nb3 { [%clk
0:07:57] } 15. Rb1 { [%clk 0:09:12] } e4 { [%clk 0:07:48] } 16. Qc2 { [%clk
0:09:01] } Nxc1 { [%clk 0:07:29] } 17. Rxc1 { [%clk 0:09:00] } O-O { [%clk
0:07:15] } 18. d3 { [%clk 0:08:53] } Rae8 { [%clk 0:07:08] } 19. Ne2 { [%clk
0:08:38] } Qg4 { [%clk 0:06:38] } 20. O-O { [%clk 0:08:28] } Re6 { [%clk
0:06:20] } 21. h3 { [%clk 0:08:13] } Qh4 { [%clk 0:05:58] } 22. c4 { [%clk
0:07:42] } Rg6 { [%clk 0:05:50] } 23. g3 { [%clk 0:07:39] } Rxg3+ { [%clk
0:05:24] } 24. Nxg3 { [%clk 0:07:12] } Qxg3+ { [%clk 0:05:24] } 25. Kh1 { [%clk
0:07:02] } Qxh3+ { [%clk 0:05:03] } 26. Kg1 { [%clk 0:07:00] } Bc7 { [%clk
0:04:42] } 27. f4 { [%clk 0:06:43] } exd3 { [%clk 0:04:04] } 28. Qd2 { [%clk
0:06:30] } Re8 { [%clk 0:03:55] } 29. Rce1 { [%clk 0:06:14] } Rxe1 { [%clk
0:03:15] } 30. Qxe1 { [%clk 0:06:10] } Bb6+ { [%clk 0:03:05] } 31. c5 { [%clk
0:06:05] } Qg4+ { [%clk 0:02:37] } 32. Kh1 { [%clk 0:05:53] } Qh3+ { [%clk
0:02:32] } 33. Kg1 { [%clk 0:05:48] } Qg4+ { [%clk 0:02:31] } 34. Kf2 { [%clk
0:05:46] } Qxf4+ { [%clk 0:02:16] } 35. Kg2 { [%clk 0:05:35] } Qg4+ { [%clk
0:01:59] } 36. Qg3 { [%clk 0:05:14] } Qe2+ { [%clk 0:01:58] } 37. Rf2 { [%clk
0:05:05] } Qe4+ { [%clk 0:01:38] } 38. Qf3 { [%clk 0:04:33] } Qg6+ { [%clk
0:01:29] } 39. Kf1 { [%clk 0:04:22] } Bc7 { [%clk 0:01:07] } 40. Qe3 { [%clk
0:03:59] } h6 { [%clk 0:00:43] } 41. Qf3 { [%clk 0:02:56] } Be5 { [%clk
0:00:24] } 42. Rg2 { [%clk 0:02:33] } Qe6 { [%clk 0:00:16] } 43. Qxd3 { [%clk
0:02:28] } Qf6+ { [%clk 0:00:08] } 44. Rf2 { [%clk 0:02:22] } Qg5 { [%clk
0:00:06] } 45. Qxd5 { [%clk 0:02:12] } Bg3 { [%clk 0:00:06] } 46. Qxg5 { [%clk
0:01:47] } hxg5 { [%clk 0:00:06] } 47. Rg2 { [%clk 0:01:46] } Bh4 { [%clk
0:00:06] } 48. Rg4 { [%clk 0:01:44] } f5 { [%clk 0:00:08] } 49. Rg2 { [%clk
0:01:37] } g4 { [%clk 0:00:08] } 50. Ke2 { [%clk 0:01:36] } g5 { [%clk 0:00:07]
} 51. Ke3 { [%clk 0:01:32] } g3 { [%clk 0:00:08] } 52. Kf3 { [%clk 0:01:31] }
g4+ { [%clk 0:00:08] } 53. Kf4 { [%clk 0:01:33] } Kg7 { [%clk 0:00:04] } 54.
Kxf5 { [%clk 0:01:34] } b6 { [%clk 0:00:04] } 55. Kxg4 { [%clk 0:01:35] } Be7 {
[%clk 0:00:03] } 56. cxb6 { [%clk 0:01:32] } axb6 { [%clk 0:00:04] } 57. a4 {
[%clk 0:01:33] } Bxb4 { [%clk 0:00:05] } 58. Rxg3 { [%clk 0:01:31] } b5 { [%clk
0:00:06] } 59. axb5 { [%clk 0:01:31] } Kf7 { [%clk 0:00:03] } 60. Re3 { [%clk
0:01:22] } Kf6 { [%clk 0:00:03] } 61. b6 { [%clk 0:01:22] } 1-0

[Event "Королевский Гамбит. Южный Федеральный округ."]
[Date "2025-11-21"]
[Round "5.7"]
[Board "7"]
[White "Дмитриенко Иван"]
[WhiteElo "1019"]
[Black "Саганов Алексей"]
[BlackElo "999"]
[WebSite "https://www.chessopen.ru"]
[GameId "3c63dfab-9486-460d-8496-94ac369f6038"]
[Result "1-0"]

1. b3 { [%clk 0:10:01] } d6 { [%clk 0:09:53] } 2. d4 { [%clk 0:09:59] } Nc6 {
[%clk 0:09:47] } 3. d5 { [%clk 0:09:56] } Ne5 { [%clk 0:09:44] } 4. Bb2 { [%clk
0:09:56] } f6 { [%clk 0:09:42] } 5. Nd2 { [%clk 0:09:55] } Bf5 { [%clk 0:09:27]
} 6. Ngf3 { [%clk 0:09:55] } Nxf3+ { [%clk 0:09:23] } 7. Nxf3 { [%clk 0:09:51]
} Nh6 { [%clk 0:09:19] } 8. Nd4 { [%clk 0:09:31] } c6 { [%clk 0:09:07] } 9.
dxc6 { [%clk 0:09:14] } bxc6 { [%clk 0:09:01] } 10. Nxc6 { [%clk 0:09:00] } Qc7
{ [%clk 0:09:00] } 11. Qd5 { [%clk 0:08:54] } Bxc2 { [%clk 0:08:50] } 12. Rc1 {
[%clk 0:08:40] } Bf5 { [%clk 0:08:40] } 13. Ne5 { [%clk 0:08:34] } Qb6 { [%clk
0:08:29] } 14. Qxa8+ { [%clk 0:08:30] } Bc8 { [%clk 0:08:17] } 15. Rxc8+ {
[%clk 0:08:19] } Qd8 { [%clk 0:08:09] } 16. Rxd8# { [%clk 0:08:20] } 1-0

[Event "Королевский Гамбит. Южный Федеральный округ."]
[Date "2025-11-21"]
[Round "5.7"]
[Board "7"]
[White "Жураков Всеволод"]
[WhiteElo "989"]
[Black "Ахмедов Эльдар"]
[BlackElo "1029"]
[WebSite "https://www.chessopen.ru"]
[GameId "f48a7d93-bd08-4112-ac8e-eb486fe0cc9d"]
[Result "0-1"]

1. Nf3 { [%clk 0:09:58] } Nf6 { [%clk 0:09:58] } 2. d3 { [%clk 0:09:56] } d5 {
[%clk 0:09:58] } 3. Nc3 { [%clk 0:09:53] } Nc6 { [%clk 0:09:58] } 4. e3 { [%clk
0:09:45] } Bg4 { [%clk 0:09:54] } 5. h3 { [%clk 0:09:39] } Bh5 { [%clk 0:09:51]
} 6. Be2 { [%clk 0:09:36] } e6 { [%clk 0:09:52] } 7. Ng5 { [%clk 0:09:30] }
Bxe2 { [%clk 0:09:47] } 8. Qxe2 { [%clk 0:09:31] } Nd7 { [%clk 0:09:45] } 9.
Qh5 { [%clk 0:09:27] } g6 { [%clk 0:09:37] } 10. Qf3 { [%clk 0:09:26] } Qxg5 {
[%clk 0:09:35] } 11. e4 { [%clk 0:09:24] } Qf6 { [%clk 0:09:31] } 12. Qg3 {
[%clk 0:09:01] } Bd6 { [%clk 0:09:30] } 13. Qe3 { [%clk 0:08:47] } d4 { [%clk
0:09:26] } 14. Qd2 { [%clk 0:08:23] } dxc3 { [%clk 0:09:26] } 15. bxc3 { [%clk
0:08:23] } a6 { [%clk 0:09:05] } 16. Rb1 { [%clk 0:08:06] } Nb6 { [%clk
0:08:50] } 17. O-O { [%clk 0:07:45] } Qe5 { [%clk 0:08:38] } 18. g3 { [%clk
0:07:32] } Qf6 { [%clk 0:08:19] } 19. Qh6 { [%clk 0:07:23] } Ne5 { [%clk
0:07:54] } 20. g4 { [%clk 0:06:33] } Bf8 { [%clk 0:07:45] } 21. Qe3 { [%clk
0:06:19] } Nf3+ { [%clk 0:07:21] } 22. Kg2 { [%clk 0:06:10] } Ne5 { [%clk
0:07:11] } 23. g5 { [%clk 0:05:28] } Qe7 { [%clk 0:07:01] } 24. d4 { [%clk
0:05:14] } Nec4 { [%clk 0:06:54] } 25. Qf4 { [%clk 0:04:59] } Qd6 { [%clk
0:06:37] } 26. e5 { [%clk 0:04:53] } Qd5+ { [%clk 0:06:30] } 27. Kg1 { [%clk
0:04:48] } Na3 { [%clk 0:06:22] } 28. Bxa3 { [%clk 0:04:45] } Bxa3 { [%clk
0:06:22] } 29. Qf6 { [%clk 0:04:39] } Rf8 { [%clk 0:06:03] } 30. Qg7 { [%clk
0:04:03] } Be7 { [%clk 0:05:53] } 31. Qxh7 { [%clk 0:03:58] } Bxg5 { [%clk
0:05:50] } 32. h4 { [%clk 0:03:46] } Be7 { [%clk 0:05:45] } 33. Qh6 { [%clk
0:03:35] } Qxa2 { [%clk 0:05:43] } 34. Qc1 { [%clk 0:03:20] } Bxh4 { [%clk
0:05:32] } 35. Rb2 { [%clk 0:03:17] } Qd5 { [%clk 0:05:27] } 36. Qh6 { [%clk
0:03:02] } Be7 { [%clk 0:05:18] } 37. Qd2 { [%clk 0:02:38] } Rh8 { [%clk
0:05:11] } 38. f3 { [%clk 0:02:30] } Nc4 { [%clk 0:05:09] } 39. Qf2 { [%clk
0:02:21] } Nxb2 { [%clk 0:05:08] } 40. Rb1 { [%clk 0:02:15] } Nc4 { [%clk
0:04:58] } 41. Rb4 { [%clk 0:02:01] } Bxb4 { [%clk 0:04:48] } 42. cxb4 { [%clk
0:01:58] } O-O-O { [%clk 0:04:37] } 43. Qe2 { [%clk 0:01:33] } Qxd4+ { [%clk
0:04:31] } 44. Kg2 { [%clk 0:01:27] } Ne3+ { [%clk 0:04:28] } 45. Kg3 { [%clk
0:01:27] } Qxe5+ { [%clk 0:04:15] } 46. f4 { [%clk 0:01:24] } Qc3 { [%clk
0:04:04] } 47. Qf3 { [%clk 0:01:12] } Nf1+ { [%clk 0:03:46] } 48. Kg4 { [%clk
0:01:07] } f5+ { [%clk 0:03:46] } 0-1

[Event "Королевский Гамбит. Южный Федеральный округ."]
[Date "2025-11-21"]
[Round "5.8"]
[Board "8"]
[White "Арина Фисенко"]
[WhiteElo "961"]
[Black "Третьякова Александрина"]
[BlackElo "1019"]
[WebSite "https://www.chessopen.ru"]
[GameId "e6a9406b-120d-49fb-b887-02f766d8d68f"]
[Result "0-1"]

1. e3 { [%clk 0:10:00] } e5 { [%clk 0:09:53] } 2. d3 { [%clk 0:10:00] } Nf6 {
[%clk 0:09:48] } 3. Qg4 { [%clk 0:09:55] } Nxg4 { [%clk 0:09:43] } 4. f3 {
[%clk 0:09:54] } Nf6 { [%clk 0:09:40] } 5. Nc3 { [%clk 0:09:53] } Nc6 { [%clk
0:09:38] } 6. e4 { [%clk 0:09:41] } g6 { [%clk 0:09:36] } 7. Bg5 { [%clk
0:09:34] } h6 { [%clk 0:09:33] } 8. Bf4 { [%clk 0:09:30] } exf4 { [%clk
0:09:29] } 9. Na4 { [%clk 0:09:29] } Be7 { [%clk 0:09:26] } 10. b3 { [%clk
0:09:20] } O-O { [%clk 0:09:25] } 11. O-O-O { [%clk 0:09:18] } b5 { [%clk
0:09:20] } 12. Nh3 { [%clk 0:09:18] } Bd6 { [%clk 0:09:17] } 13. Nxf4 { [%clk
0:09:16] } Bxf4+ { [%clk 0:09:16] } 14. Kb2 { [%clk 0:09:15] } Be5+ { [%clk
0:09:13] } 15. Kc1 { [%clk 0:09:13] } Qe7 { [%clk 0:09:10] } 16. h4 { [%clk
0:09:00] } bxa4 { [%clk 0:09:08] } 17. bxa4 { [%clk 0:08:53] } Bc3 { [%clk
0:09:01] } 18. Rh3 { [%clk 0:08:48] } Qa3+ { [%clk 0:08:57] } 19. Kb1 { [%clk
0:08:39] } Qb2# { [%clk 0:08:57] } 0-1

[Event "Королевский Гамбит. Южный Федеральный округ."]
[Date "2025-11-21"]
[Round "5.8"]
[Board "8"]
[White "Краль Вероника"]
[WhiteElo "990"]
[Black "Пилипчук Алёна"]
[BlackElo "981"]
[WebSite "https://www.chessopen.ru"]
[GameId "95b1c2e3-fffe-4fe7-b1fd-b086ddb409bb"]
[Result "1-0"]

1. d4 { [%clk 0:09:59] } d5 { [%clk 0:10:00] } 2. Bf4 { [%clk 0:10:00] } Nf6 {
[%clk 0:09:59] } 3. Nf3 { [%clk 0:09:59] } Nc6 { [%clk 0:10:00] } 4. e3 { [%clk
0:10:00] } Bf5 { [%clk 0:09:57] } 5. c3 { [%clk 0:10:00] } e6 { [%clk 0:09:58]
} 6. Nbd2 { [%clk 0:10:00] } Bd6 { [%clk 0:09:55] } 7. Bg3 { [%clk 0:10:00] }
Qb8 { [%clk 0:09:53] } 8. Bxd6 { [%clk 0:09:56] } cxd6 { [%clk 0:09:54] } 9.
Nb3 { [%clk 0:09:50] } O-O { [%clk 0:09:53] } 10. Bd3 { [%clk 0:09:50] } Bxd3 {
[%clk 0:09:47] } 11. Qxd3 { [%clk 0:09:50] } e5 { [%clk 0:09:36] } 12. dxe5 {
[%clk 0:09:50] } dxe5 { [%clk 0:09:35] } 13. Qd2 { [%clk 0:09:44] } e4 { [%clk
0:09:33] } 14. Nfd4 { [%clk 0:09:42] } Nxd4 { [%clk 0:09:32] } 15. Nxd4 { [%clk
0:09:42] } Qd8 { [%clk 0:09:20] } 16. O-O { [%clk 0:09:41] } Re8 { [%clk
0:09:15] } 17. b4 { [%clk 0:09:34] } b6 { [%clk 0:09:15] } 18. Nc6 { [%clk
0:09:17] } Qd6 { [%clk 0:09:07] } 19. b5 { [%clk 0:09:09] } a6 { [%clk 0:09:06]
} 20. a4 { [%clk 0:09:06] } axb5 { [%clk 0:08:58] } 21. axb5 { [%clk 0:09:02] }
Rxa1 { [%clk 0:08:57] } 22. Rxa1 { [%clk 0:09:01] } h6 { [%clk 0:08:51] } 23.
c4 { [%clk 0:08:52] } Qe5 { [%clk 0:08:45] } 24. Nxe5 { [%clk 0:08:44] } Rxe5 {
[%clk 0:08:43] } 25. Qd4 { [%clk 0:08:41] } Re8 { [%clk 0:08:42] } 26. Qxb6 {
[%clk 0:08:39] } Nd7 { [%clk 0:08:39] } 27. Qc6 { [%clk 0:08:35] } Rd8 { [%clk
0:08:32] } 28. Ra8 { [%clk 0:08:32] } Rxa8 { [%clk 0:08:29] } 29. Qxa8+ { [%clk
0:08:30] } Nf8 { [%clk 0:08:29] } 30. Qxd5 { [%clk 0:08:30] } Kh7 { [%clk
0:08:28] } 31. Qxe4+ { [%clk 0:08:29] } Ng6 { [%clk 0:08:29] } 32. b6 { [%clk
0:08:23] } h5 { [%clk 0:08:20] } 33. b7 { [%clk 0:08:23] } Kh6 { [%clk 0:08:15]
} 34. Qxg6+ { [%clk 0:08:24] } fxg6 { [%clk 0:08:16] } 35. b8=Q { [%clk
0:08:25] } Kh7 { [%clk 0:08:14] } 36. Qf4 { [%clk 0:08:21] } Kg8 { [%clk
0:08:12] } 37. c5 { [%clk 0:08:18] } g5 { [%clk 0:08:12] } 38. Qxg5 { [%clk
0:08:16] } h4 { [%clk 0:08:12] } 39. Qxg7+ { [%clk 0:08:12] } Kxg7 { [%clk
0:08:12] } 40. c6 { [%clk 0:08:11] } Kf8 { [%clk 0:08:13] } 41. c7 { [%clk
0:08:12] } Ke7 { [%clk 0:08:16] } 42. c8=R { [%clk 0:08:12] } Kd7 { [%clk
0:08:19] } 43. Rc4 { [%clk 0:08:12] } Ke6 { [%clk 0:08:19] } 44. Rxh4 { [%clk
0:08:12] } Kf5 { [%clk 0:08:21] } 45. e4+ { [%clk 0:08:13] } Kg5 { [%clk
0:08:22] } 46. Rh3 { [%clk 0:08:14] } Kf4 { [%clk 0:08:22] } 47. f3 { [%clk
0:08:12] } Ke3 { [%clk 0:08:23] } 48. e5 { [%clk 0:08:11] } Ke2 { [%clk
0:08:25] } 49. e6 { [%clk 0:08:12] } Ke3 { [%clk 0:08:25] } 50. e7 { [%clk
0:08:13] } Kd4 { [%clk 0:08:25] } 51. e8=Q { [%clk 0:08:13] } Kd3 { [%clk
0:08:24] } 1-0

[Event "Королевский Гамбит. Южный Федеральный округ."]
[Date "2025-11-21"]
[Round "5.8"]
[Board "8"]
[White "Мотина Полина"]
[WhiteElo "990"]
[Black "Половко Катя"]
[BlackElo "1028"]
[WebSite "https://www.chessopen.ru"]
[GameId "bf4addd1-94b6-41cc-92b8-f9a98c5aae60"]
[Result "0-1"]

1. b3 { [%clk 0:09:57] } Nf6 { [%clk 0:09:58] } 2. g3 { [%clk 0:09:50] } g6 {
[%clk 0:09:58] } 3. Bb2 { [%clk 0:09:51] } Bg7 { [%clk 0:09:58] } 4. Bg2 {
[%clk 0:09:50] } O-O { [%clk 0:09:59] } 5. Nh3 { [%clk 0:09:49] } Nc6 { [%clk
0:09:56] } 6. Nf4 { [%clk 0:09:48] } Re8 { [%clk 0:09:51] } 7. Na3 { [%clk
0:09:48] } b6 { [%clk 0:09:37] } 8. Nc4 { [%clk 0:09:44] } Bb7 { [%clk 0:09:32]
} 9. e4 { [%clk 0:09:45] } d6 { [%clk 0:09:27] } 10. d3 { [%clk 0:09:42] } e5 {
[%clk 0:09:03] } 11. Nd5 { [%clk 0:09:37] } Nxd5 { [%clk 0:09:01] } 12. exd5 {
[%clk 0:09:37] } Nd4 { [%clk 0:09:00] } 13. O-O { [%clk 0:09:20] } Qf6 { [%clk
0:08:54] } 14. Ne3 { [%clk 0:09:17] } Nf5 { [%clk 0:08:43] } 15. Ng4 { [%clk
0:09:17] } Qe7 { [%clk 0:08:31] } 16. c4 { [%clk 0:09:17] } c6 { [%clk 0:08:05]
} 17. dxc6 { [%clk 0:09:14] } Bc8 { [%clk 0:07:58] } 18. b4 { [%clk 0:09:03] }
Qe6 { [%clk 0:07:38] } 19. b5 { [%clk 0:08:58] } a6 { [%clk 0:07:30] } 20. bxa6
{ [%clk 0:08:56] } Bxa6 { [%clk 0:07:30] } 21. h4 { [%clk 0:08:45] } b5 { [%clk
0:07:22] } 22. cxb5 { [%clk 0:08:45] } Bxb5 { [%clk 0:07:24] } 23. Re1 { [%clk
0:08:25] } d5 { [%clk 0:07:16] } 24. f4 { [%clk 0:08:22] } Qxc6 { [%clk
0:07:02] } 25. Bxe5 { [%clk 0:08:18] } Qc5+ { [%clk 0:06:58] } 26. Nf2 { [%clk
0:08:10] } Ne3 { [%clk 0:06:55] } 27. Qf3 { [%clk 0:07:57] } Nc2 { [%clk
0:06:46] } 28. Bxg7 { [%clk 0:07:44] } Nxe1 { [%clk 0:06:40] } 29. Rxe1 { [%clk
0:07:36] } Rxe1+ { [%clk 0:06:37] } 30. Bf1 { [%clk 0:07:33] } Kxg7 { [%clk
0:06:35] } 31. g4 { [%clk 0:07:28] } Rxa2 { [%clk 0:06:32] } 32. h5 { [%clk
0:07:23] } Bxd3 { [%clk 0:06:09] } 33. Qxd3 { [%clk 0:06:49] } Qxf2+ { [%clk
0:06:03] } 34. Kh1 { [%clk 0:06:35] } Rxf1+ { [%clk 0:06:01] } 35. Qxf1 { [%clk
0:06:31] } Qxf1# { [%clk 0:06:01] } 0-1

[Event "Королевский Гамбит. Южный Федеральный округ."]
[Date "2025-11-21"]
[Round "5.8"]
[Board "8"]
[White "Нестерова Алёна"]
[WhiteElo "991"]
[Black "Мальченко Екатерина"]
[BlackElo "972"]
[WebSite "https://www.chessopen.ru"]
[GameId "733ff85a-a567-4265-ada0-55984a8cd076"]
[Result "1-0"]

1. e4 { [%clk 0:10:00] } e5 { [%clk 0:09:56] } 2. Nf3 { [%clk 0:09:54] } Nc6 {
[%clk 0:09:48] } 3. Bc4 { [%clk 0:09:45] } Nf6 { [%clk 0:09:41] } 4. Nc3 {
[%clk 0:09:42] } d6 { [%clk 0:09:36] } 5. a3 { [%clk 0:09:26] } Bg4 { [%clk
0:09:29] } 6. h3 { [%clk 0:09:26] } Bxf3 { [%clk 0:09:25] } 7. Qxf3 { [%clk
0:09:21] } d5 { [%clk 0:09:20] } 8. exd5 { [%clk 0:09:11] } Nd4 { [%clk
0:09:11] } 9. Bb3 { [%clk 0:08:45] } Nxf3+ { [%clk 0:09:03] } 10. gxf3 { [%clk
0:08:40] } e4 { [%clk 0:09:01] } 11. fxe4 { [%clk 0:08:38] } Nxe4 { [%clk
0:09:00] } 12. Nxe4 { [%clk 0:08:36] } Qxd5 { [%clk 0:08:57] } 13. Bxd5 { [%clk
0:08:35] } Bxa3 { [%clk 0:08:55] } 14. Rxa3 { [%clk 0:08:33] } c6 { [%clk
0:08:52] } 15. Bc4 { [%clk 0:08:29] } b5 { [%clk 0:08:45] } 16. Be2 { [%clk
0:08:21] } b4 { [%clk 0:08:45] } 17. Re3 { [%clk 0:08:12] } a5 { [%clk 0:08:48]
} 18. Nd6+ { [%clk 0:08:04] } Kd7 { [%clk 0:08:44] } 19. Nxf7 { [%clk 0:08:00]
} Rhf8 { [%clk 0:08:40] } 20. Bg4+ { [%clk 0:07:53] } Kc7 { [%clk 0:08:37] }
21. Re7+ { [%clk 0:07:27] } Kb8 { [%clk 0:08:36] } 22. Nd6 { [%clk 0:07:19] }
Rf4 { [%clk 0:08:22] } 23. Rb7# { [%clk 0:07:16] } 1-0

[Event "Королевский Гамбит. Южный Федеральный округ."]
[Date "2025-11-21"]
[Round "5.8"]
[Board "8"]
[White "Хомец Оливия"]
[WhiteElo "1028"]
[Black "Недбальская Вера"]
[BlackElo "1002"]
[WebSite "https://www.chessopen.ru"]
[GameId "4897463d-e9cf-4595-aac4-e75160229bc3"]
[Result "1-0"]

1. d4 { [%clk 0:10:00] } d5 { [%clk 0:10:00] } 2. c3 { [%clk 0:09:56] } Nc6 {
[%clk 0:09:53] } 3. Bf4 { [%clk 0:09:48] } Nf6 { [%clk 0:09:51] } 4. Nf3 {
[%clk 0:09:40] } Bf5 { [%clk 0:09:51] } 5. Nbd2 { [%clk 0:09:35] } h6 { [%clk
0:09:43] } 6. Ne5 { [%clk 0:09:12] } Nxe5 { [%clk 0:09:39] } 7. dxe5 { [%clk
0:09:13] } Nh5 { [%clk 0:09:31] } 8. e3 { [%clk 0:08:31] } e6 { [%clk 0:09:09]
} 9. Qxh5 { [%clk 0:08:03] } g6 { [%clk 0:08:54] } 10. Qf3 { [%clk 0:07:50] }
a6 { [%clk 0:08:39] } 11. Be2 { [%clk 0:06:55] } Qd7 { [%clk 0:08:30] } 12. e4
{ [%clk 0:06:42] } dxe4 { [%clk 0:08:25] } 13. Nxe4 { [%clk 0:06:43] } O-O-O {
[%clk 0:08:21] } 14. Nc5 { [%clk 0:06:24] } Bxc5 { [%clk 0:08:17] } 15. b4 {
[%clk 0:05:52] } Bb6 { [%clk 0:08:07] } 16. Bxa6 { [%clk 0:05:40] } bxa6 {
[%clk 0:08:03] } 17. Qa8# { [%clk 0:05:39] } 1-0